Diagnóstico de nuestro tiempo /

Guardado en:
Autor Principal: Mannheim, Karl
Formato: Libro
Publicado: Mexico : Fondo de Cultura económica, 1944
Materias:
Etiquetas: Agregar Etiqueta
Sin Etiquetas, Sea el primero en etiquetar este registro!
LEADER 01026nam a22002175a 4500
001 CEM.cems004111
005 20060216000000.0
008 130507s1944##################000#0#####d
003 CEMS
082 0 4 |a 301 
100 1 |a Mannheim, Karl 
245 1 0 |a Diagnóstico de nuestro tiempo / 
260 |a Mexico :  |b Fondo de Cultura económica,  |c 1944 
300 |a 235 p. 
505 0 |a Problemas ambientales de una metropoli (San Pablo); Urbanización y medio ambiente en la ciudad de La Paz; El barrio: las actividades del tiempo libre; Espacios abiertos y calidad urbana; Urbanización y medio ambiente; La ciudad como ecosistema; Asentamientos humanos rurales y estilo de desarrollo agricola en America Latina; Problemas y perspectivas ambientales de la urbanización en America Latina; El ambiente humano y la planificación ambiental 
653 |a Cristianismo 
653 |a Educacion 
653 |a Nazismo 
653 |a Sociedad moderna-problemas 
653 |a Sociologia 
859 |a CEMS  |b BIB. CEMS - 11 de abril  |h 301  |i M316  |p 3060.74  |t Ej.1